000 00843nam a22002655i 4500
001 20475198
005 20230830100142.0
008 180430s2018 nyu 000 0 eng
010 _a 2018942871
020 _a9781493978670
040 _aDLC
_beng
_erda
_cDLC
042 _apcc
050 _aRA 651
_b.G46 2018
245 0 0 _aGenetic epidemiology :
_bmethods and protocols /
_cEvangelos Evangelos.
260 _aNew York, NY,
_b Humana Press,
_c2018
263 _a1806
300 _a x, 299 pages :
_b illustrations.
_g28cm
490 _a Methods in molecular biology (Clifton, N.J.), v. 1793
500 _aInclude index
650 _aEpidemiologic Studies
650 _aEpidemiology
906 _a0
_bibc
_corignew
_d2
_eepcn
_f20
_gy-gencatlg
942 _2lcc
_hRA 651 .G46 2018
_cBOOKS
999 _c31846
_d31846